Traité de suspension d'armes en Italie (Record no. 166587)

MARC details
000 -LEADER
campo de control de longitud fija 00857nam a22002055i 4500
001 - NÚMERO DE CONTROL
campo de control 166587
003 - IDENTIFICADOR DE NÚMERO DE CONTROL
campo de control ES-MaACL
005 - FECHA Y HORA DE LA ÚLTIMA TRANSACCIÓN
campo de control 20230906213349.0
008 - DATOS DE LONGITUD FIJA--INFORMACIÓN GENERAL
campo de control de longitud fija 050823s1697 fr | |||||||| ||fre d
040 ## - FUENTE DE CATALOGACIÓN
Centro catalogador/agencia de origen CAM
Lengua de catalogación spa
Centro/agencia transcriptor CAM
245 00 - MENCIÓN DEL TÍTULO
Título Traité de suspension d'armes en Italie
Resto del título : Conclu à Vigevano le septiéme Octobre 1696.
260 ## - PUBLICACIÓN, DISTRIBUCIÓN, ETC.
Lugar de publicación, distribución, etc. A Paris :
Nombre del editor, distribuidor, etc. de l'Imprimerie de Frederic Leonard ...,
Fecha de publicación, distribución, etc. 1697.
300 ## - DESCRIPCIÓN FÍSICA
Extensión 36 p. ;
Dimensiones 26 cm.
505 8# - NOTA DE CONTENIDO CON FORMATO
Nota de contenido con formato Contiene con port. propia: Contrat de mariage du monseigneur le duc de Bourgogne avec madame la Princesse de Savoye (pp. 17-36)
597 ## - NOTA DE DESCRIPCIÓN FÍSICA
NOTA DE DESCRIPCIÓN FÍSICA Sign.: A-D4, E2.
597 ## - NOTA DE DESCRIPCIÓN FÍSICA
NOTA DE DESCRIPCIÓN FÍSICA Port. con escudo real xil.
740 0# - ENTRADA AGREGADA--TÍTULO RELACIONADO/ANALÍTICO NO CONTROLADO
Título relacionado o analítico no controlado Contrat de mariage du monseigneur le duc de Bourgogne avec madame la Princesse de Savoye.
752 ## - ENTRADA AGREGADA--NOMBRE JERÁRQUICO DEL LUGAR
País o entidad superior Francia -
Ciudad París
852 ## - LOCALIZACIÓN
Ubicación ES-MaACL
Número de control de estantería R-1136(3)
Nota libre -- Enc. hol.
Encuadernación -- Olim: G-9998
Holdings
Estatus retirado Estado de pérdida Estado de daño No para préstamo Colección Biblioteca de origen Biblioteca actual Ubicación en estantería Fecha de adquisición Fuente de adquisición Total de préstamos Signatura topográfica completa Código de barras Visto por última vez Precio de reemplazo Tipo de ítem Koha
        Libros del s. XVII Biblioteca del Ateneo de Madrid Biblioteca del Ateneo de Madrid Depósito 17/01/2008     R-1136(3) 1174718 23/02/2023 23/02/2023 Libro impreso antiguo